000 00580nam a22001937a 4500
999 _c174462
_d174462
005 20210315121436.0
010 _aENG-128201
020 _c695.00
_a9788794201830
035 _aEN-111733
037 _bDBAD/PUB
082 _a695.00
100 _aJarnail singh
245 _aWith Four Prime Ministers/
_bmy PMO journey:
_cby Jarnail Singh
260 _aNew Delhi
_bKonark Publisher Pvt Ltd.
_c2018
270 _a206,frist Floor,Peacock lane.
_bNew Delhi
_e110049
300 _axvii;288p.
_c23cm(hb)
490 _axxiii;288p.
942 _2ddc
_cEN
_h230.52
_mSHA